TCP/IP illustrated V.2 : the implementation (Record no. 174305)

MARC details
000 -LEADER
fixed length control field 00513nam a2200157Ia 4500
008 - FIXED-LENGTH DATA ELEMENTS--GENERAL INFORMATION
fixed length control field 231217s9999 xx 000 0 und d
041 ## - LANGUAGE CODE
Language code of text/sound track or separate title English
082 ## - DEWEY DECIMAL CLASSIFICATION NUMBER
Classification number 001.6424 WRI.2;1 R
100 ## - MAIN ENTRY--PERSONAL NAME
Personal name Wright, Gary R Stevens, W Richard Kernighan, Brain W ed
245 #0 - TITLE STATEMENT
Title TCP/IP illustrated V.2 : the implementation
260 ## - PUBLICATION, DISTRIBUTION, ETC.
Date of publication, distribution, etc. 1996
Name of publisher, distributor, etc. Pearson Education (Singapore)
Place of publication, distribution, etc. New Delhi
300 ## - PHYSICAL DESCRIPTION
Extent xxii+1174
400 ## - SERIES STATEMENT/ADDED ENTRY--PERSONAL NAME [OBSOLETE, CAN/MARC], [LOCAL, USA]
Personal name Addison-wesley professional computing series
650 ## - SUBJECT ADDED ENTRY--TOPICAL TERM
Topical term or geographic name entry element TCP/IP,illustrated,V.2,:
942 ## - ADDED ENTRY ELEMENTS (KOHA)
Koha item type Books
Holdings
Date last seen Total checkouts Full call number Accession number Cost, total (INR) price Price effective from Category Lost status Damaged status Department Withdrawn status Home library Current library Shelving location Entry date Vendor Cost, normal purchase price Grants Billnumber Billdate Currency symbol Conversion rate Discount Old discount
26/01/2024   001.6424 WRI.2;1 R 33490 420.75 12/03/2005 Books     Central Library   Central Library Central Library Library Annex 12/03/2005 Sapna Book House 495.00 CS 26930 05/02/2008 RS 1 74.25 15

© For any Suggestions or Query, please contact the library staff @ librarian@pes.edu or Phone: +9180 2672 1983/ 2108.